000 01178nam0a2200313 4500
001 RU\NLR\bibl\913705
005 20260405101039.0
010 _a5-94836-055-5
_92000
021 _aRU
_b2006-6249
_9299
035 _a(NLR Aleph) 000902028
090 _a1779483
_c1779483
100 _a20060307d2006 |||y0rusy50 ca
101 1 _arus
_ceng
102 _aRU
105 _aa |||||||||
200 1 _aОсновы силовой электроники
_fС. Рама Редди
_gпер. с англ. В.В. Масалова
_gпод ред. Д.П. Приходько
210 _aМосква
_cТехносфера
_d2006
215 _a286,[1] с.
_cил., цв. ил.
_d22
225 1 _aМир электроники
_v7, 12
313 _aп/п силовая электроника
320 _aБиблиогр. в конце кн.
606 1 _aСиловые полупроводниковые приборы
_92089777
_3RU\NLR\auth\661264980
686 _aЗ264.54
700 1 _4070
_8rus
_7ca
_aРедди
_bС. Р.
_gС. Рама
_3RU\NLR\auth\7737077
_920066
801 0 _aRU
_bNLR
_c20060307
_grcr
801 1 _aRU
_bNLR
_c20060307
942 _cBOOK
980 _aNB